[Event "Deutsche Ländermeisterschaft 2023"]
[Site "Hannover GER"]
[Date "2023.10.04"]
[Round "6"]
[White "Nizamova, Rita"]
[Black "Buchholz, Maja Patricia"]
[Result "1/2-1/2"]
[Termination "normal"]
[Board "3.5"]
[WhiteElo "1825"]
[BlackElo "1858"]
[WhiteClock "00:02:38"]
[BlackClock "00:02:54"]
[WhiteTeam "Niedersachsen"]
[BlackTeam "Hessen"]
[PlyCount "114"]
[WhiteFideId "16221940"]
[BlackFideId "16200500"]
[EventCountry "GER"]
[EventRounds "7"]
[EventType "team-swiss"]
[EventDate "2023.09.30"]

1. e4 {[%clk 01:30:58]} {[%emt 00:00:02]} e6 {[%clk 01:30:51]} {[%emt
00:00:09]} 2. d4 {[%clk 01:31:24]} {[%emt 00:00:04]} d5 {[%clk 01:31:11]}
{[%emt 00:00:09]} 3. e5 {[%clk 01:31:50]} {[%emt 00:00:04]} c5 {[%clk
01:31:32]} {[%emt 00:00:09]} 4. c3 {[%clk 01:32:16]} {[%emt 00:00:04]} Nc6
{[%clk 01:31:51]} {[%emt 00:00:11]} 5. Nf3 {[%clk 01:32:42]} {[%emt 00:00:04]}
Qb6 {[%clk 01:32:02]} {[%emt 00:00:19]} 6. Bd3 {[%clk 01:33:04]} {[%emt
00:00:09]} cxd4 {[%clk 01:30:53]} {[%emt 00:01:39]} 7. O-O {[%clk 01:33:25]}
{[%emt 00:00:09]} Bd7 {[%clk 01:29:28]} {[%emt 00:01:54]} 8. Re1 {[%clk
01:33:24]} {[%emt 00:00:31]} Rc8 {[%clk 01:19:55]} {[%emt 00:10:03]} 9. Nbd2
{[%clk 01:27:43]} {[%emt 00:06:10]} dxc3 {[%clk 01:12:10]} {[%emt 00:08:16]}
10. bxc3 {[%clk 01:25:01]} {[%emt 00:03:12]} Na5 {[%clk 01:10:49]} {[%emt
00:01:51]} 11. Rb1 {[%clk 01:23:35]} {[%emt 00:01:56]} Qc7 {[%clk 01:10:58]}
{[%emt 00:00:20]} 12. Qe2 {[%clk 01:14:05]} {[%emt 00:10:00]} a6 {[%clk
01:05:19]} {[%emt 00:06:09]} 13. h4 {[%clk 01:03:52]} {[%emt 00:10:44]} h6
{[%clk 00:39:34]} {[%emt 00:26:14]} 14. h5 {[%clk 01:03:54]} {[%emt 00:00:27]}
Bc5 {[%clk 00:35:14]} {[%emt 00:04:50]} 15. Nd4 {[%clk 00:49:47]} {[%emt
00:14:37]} Nc6 {[%clk 00:32:09]} {[%emt 00:03:34]} 16. Nxc6 {[%clk 00:48:48]}
{[%emt 00:01:30]} Bxc6 {[%clk 00:32:04]} {[%emt 00:00:35]} 17. Qg4 {[%clk
00:48:54]} {[%emt 00:00:24]} Bf8 {[%clk 00:27:37]} {[%emt 00:04:57]} 18. Ba3
{[%clk 00:37:42]} {[%emt 00:11:41]} Qa5 {[%clk 00:19:38]} {[%emt 00:08:29]} 19.
Bxf8 {[%clk 00:33:59]} {[%emt 00:04:13]} Kxf8 {[%clk 00:20:06]} {[%emt
00:00:02]} 20. Qf4 {[%clk 00:30:06]} {[%emt 00:04:21]} Rc7 {[%clk 00:13:10]}
{[%emt 00:07:28]} 21. c4 {[%clk 00:23:57]} {[%emt 00:06:39]} Ne7 {[%clk
00:11:57]} {[%emt 00:01:43]} 22. Qe3 {[%clk 00:20:18]} {[%emt 00:04:09]} b5
{[%clk 00:05:38]} {[%emt 00:06:49]} 23. Nb3 {[%clk 00:14:18]} {[%emt 00:06:30]}
Qa3 {[%clk 00:03:44]} {[%emt 00:02:24]} 24. Qb6 {[%clk 00:13:18]} {[%emt
00:01:30]} Rb7 {[%clk 00:03:49]} {[%emt 00:00:25]} 25. Qd8+ {[%clk 00:13:42]}
{[%emt 00:00:06]} Be8 {[%clk 00:04:14]} {[%emt 00:00:05]} 26. Qa8 {[%clk
00:09:07]} {[%emt 00:05:04]} dxc4 {[%clk 00:02:11]} {[%emt 00:02:34]} 27. Qxb7
{[%clk 00:09:15]} {[%emt 00:00:23]} cxd3 {[%clk 00:02:27]} {[%emt 00:00:14]}
28. Qe4 {[%clk 00:08:45]} {[%emt 00:00:59]} Nd5 {[%emt 00:01:52]} 29. Qxd3
{[%clk 00:08:29]} {[%emt 00:00:44]} Qe7 {[%clk 00:01:07]} {[%emt 00:00:31]} 30.
Qf3 {[%clk 00:07:08]} {[%emt 00:01:50]} Kg8 {[%clk 00:01:02]} {[%emt 00:00:36]}
31. Rbc1 {[%clk 00:06:50]} {[%emt 00:00:48]} g6 {[%clk 00:00:46]} {[%emt
00:00:46]} 32. hxg6 {[%clk 00:07:03]} {[%emt 00:00:16]} fxg6 {[%clk 00:01:13]}
{[%emt 00:00:03]} 33. Nc5 {[%clk 00:06:50]} {[%emt 00:00:43]} a5 {[%clk
00:01:33]} {[%emt 00:00:10]} 34. Ne4 {[%clk 00:07:10]} {[%emt 00:00:10]} Kg7
{[%clk 00:01:47]} {[%emt 00:00:17]} 35. Nd6 {[%clk 00:06:29]} {[%emt 00:01:11]}
Rf8 {[%clk 00:02:00]} {[%emt 00:00:17]} 36. Qa3 {[%clk 00:05:25]} {[%emt
00:01:33]} Qh4 {[%clk 00:01:59]} {[%emt 00:00:32]} 37. Nxe8+ {[%emt 00:00:21]}
Rxe8 38. Qxa5 {[%clk 00:05:26]} {[%emt 00:00:39]} Rf8 {[%clk 00:02:44]} {[%emt
00:00:14]} 39. Qa7+ {[%clk 00:03:33]} {[%emt 00:02:22]} Rf7 {[%clk 00:03:11]}
{[%emt 00:00:04]} 40. Qc5 {[%clk 00:03:37]} {[%emt 00:00:26]} b4 {[%clk
00:03:06]} {[%emt 00:00:36]} 41. Rcd1 {[%clk 00:25:13]} {[%emt 00:08:53]} Nf4
{[%clk 00:22:57]} {[%emt 00:10:40]} 42. Qe3 {[%clk 00:19:32]} {[%emt 00:06:11]}
Qg4 {[%clk 00:20:35]} {[%emt 00:02:52]} 43. Qf3 {[%clk 00:13:00]} {[%emt
00:07:02]} Qxf3 {[%clk 00:14:11]} {[%emt 00:06:54]} 44. gxf3 {[%clk 00:13:28]}
{[%emt 00:00:02]} h5 {[%clk 00:09:09]} {[%emt 00:05:32]} 45. Rd6 {[%clk
00:12:27]} {[%emt 00:01:30]} Ra7 {[%clk 00:07:38]} {[%emt 00:02:01]} 46. Re4
{[%clk 00:09:47]} {[%emt 00:03:10]} g5 {[%clk 00:07:12]} {[%emt 00:00:57]} 47.
Rd2 {[%clk 00:07:24]} {[%emt 00:02:53]} Nd5 {[%clk 00:06:29]} {[%emt 00:01:13]}
48. Rc4 {[%clk 00:06:26]} {[%emt 00:01:28]} Kg6 {[%clk 00:05:05]} {[%emt
00:01:54]} 49. Re2 {[%clk 00:03:33]} {[%emt 00:03:23]} Ra3 {[%clk 00:04:42]}
{[%emt 00:00:52]} 50. f4 {[%clk 00:02:41]} {[%emt 00:01:23]} gxf4 {[%clk
00:03:49]} {[%emt 00:01:23]} 51. Kh2 {[%clk 00:02:04]} {[%emt 00:01:07]} Kf5
{[%clk 00:03:56]} {[%emt 00:00:23]} 52. Rc8 {[%clk 00:02:08]} {[%emt 00:00:25]}
Nc3 {[%clk 00:03:25]} {[%emt 00:01:01]} 53. Rf8+ {[%clk 00:02:28]} {[%emt
00:00:11]} Kg5 {[%clk 00:03:52]} {[%emt 00:00:02]} 54. Rb2 {[%clk 00:02:28]}
{[%emt 00:00:30]} Nd5 {[%clk 00:03:21]} {[%emt 00:01:01]} 55. Rh8 {[%clk
00:02:11]} {[%emt 00:00:47]} Kg4 {[%clk 00:02:25]} {[%emt 00:01:26]} 56. Rg8+
{[%clk 00:02:09]} {[%emt 00:00:32]} Kf5 {[%clk 00:02:35]} {[%emt 00:00:19]} 57.
Rh8 {[%clk 00:02:38]} Kg5 {[%clk 00:02:54]} {[%emt 00:00:11]} 1/2-1/2

[Event "Deutsche Ländermeisterschaft 2023"]
[Site "Hannover GER"]
[Date "2023.10.04"]
[Round "6"]
[White "Mester, Philipp"]
[Black "Tarasenko, Nazar"]
[Result "1/2-1/2"]
[Termination "normal"]
[Board "3.6"]
[WhiteElo "1787"]
[BlackElo "1873"]
[WhiteClock "00:03:44"]
[BlackClock "00:07:47"]
[WhiteTeam "Hessen"]
[BlackTeam "Niedersachsen"]
[PlyCount "167"]
[WhiteFideId "34624902"]
[BlackFideId "34161430"]
[EventCountry "GER"]
[EventRounds "7"]
[EventType "team-swiss"]
[EventDate "2023.09.30"]

1. d4 {[%clk 01:30:59]} {[%emt 00:15:35]} d5 {[%clk 01:30:46]} {[%emt
00:00:13]} 2. c4 {[%clk 01:31:24]} {[%emt 00:00:05]} e6 {[%clk 01:31:01]}
{[%emt 00:00:15]} 3. Nc3 {[%clk 01:31:46]} {[%emt 00:00:08]} Nf6 {[%clk
01:31:15]} {[%emt 00:00:17]} 4. cxd5 {[%clk 01:32:02]} {[%emt 00:00:14]} exd5
{[%clk 01:31:41]} {[%emt 00:00:04]} 5. Bg5 {[%clk 01:32:21]} {[%emt 00:00:11]}
Bb4 {[%clk 01:32:03]} {[%emt 00:00:08]} 6. e3 {[%clk 01:31:44]} {[%emt
00:01:07]} h6 {[%clk 01:32:23]} {[%emt 00:00:10]} 7. Bf4 {[%clk 01:31:05]}
{[%emt 00:01:09]} Ne4 {[%clk 01:32:47]} {[%emt 00:00:06]} 8. Rc1 {[%clk
01:29:28]} {[%emt 00:02:07]} c6 {[%clk 01:30:28]} {[%emt 00:02:48]} 9. f3
{[%clk 01:26:07]} {[%emt 00:03:51]} Nf6 {[%clk 01:26:55]} {[%emt 00:04:04]} 10.
Bd3 {[%clk 01:25:27]} {[%emt 00:01:10]} O-O {[%clk 01:26:43]} {[%emt 00:00:42]}
11. Nge2 {[%clk 01:25:12]} {[%emt 00:00:44]} Re8 {[%clk 01:26:27]} {[%emt
00:00:46]} 12. Qd2 {[%clk 01:20:38]} {[%emt 00:05:05]} Nbd7 {[%clk 01:25:09]}
{[%emt 00:01:49]} 13. a3 {[%clk 01:20:14]} {[%emt 00:00:55]} Bxc3 {[%clk
01:24:16]} {[%emt 00:01:22]} 14. bxc3 {[%clk 01:14:12]} {[%emt 00:06:33]} Nh5
{[%clk 01:23:28]} {[%emt 00:01:13]} 15. O-O {[%clk 01:11:13]} {[%emt 00:03:34]}
Nxf4 {[%clk 01:22:28]} {[%emt 00:01:30]} 16. Nxf4 {[%clk 01:11:29]} {[%emt
00:00:13]} Nf6 {[%clk 01:21:36]} {[%emt 00:01:22]} 17. Rce1 {[%clk 01:09:27]}
{[%emt 00:02:32]} c5 {[%clk 01:20:09]} {[%emt 00:01:57]} 18. Bc2 {[%clk
01:00:54]} {[%emt 00:09:02]} cxd4 {[%clk 01:13:52]} {[%emt 00:06:47]} 19. cxd4
{[%clk 01:01:12]} {[%emt 00:00:12]} Bd7 {[%clk 01:09:32]} {[%emt 00:04:50]} 20.
e4 {[%clk 00:58:31]} {[%emt 00:03:12]} Bb5 {[%clk 01:07:26]} {[%emt 00:02:34]}
21. Rf2 {[%clk 00:48:20]} {[%emt 00:10:43]} g5 {[%clk 01:07:18]} {[%emt
00:00:37]} 22. Nh3 {[%clk 00:47:26]} {[%emt 00:01:24]} Nh7 {[%clk 01:01:49]}
{[%emt 00:06:00]} 23. a4 {[%clk 00:45:46]} {[%emt 00:02:10]} Bd7 {[%clk
00:58:09]} {[%emt 00:04:09]} 24. e5 {[%clk 00:46:07]} {[%emt 00:00:09]} Bxh3
{[%clk 00:57:29]} {[%emt 00:01:10]} 25. gxh3 {[%clk 00:46:30]} {[%emt
00:00:06]} Nf8 {[%clk 00:51:22]} {[%emt 00:06:37]} 26. h4 {[%clk 00:44:45]}
{[%emt 00:02:16]} Ne6 {[%clk 00:48:09]} {[%emt 00:03:44]} 27. hxg5 {[%clk
00:42:43]} {[%emt 00:02:32]} hxg5 {[%clk 00:48:20]} {[%emt 00:00:18]} 28. h4
{[%clk 00:40:06]} {[%emt 00:03:07]} Nf4 {[%clk 00:46:10]} {[%emt 00:02:40]} 29.
Kh1 {[%clk 00:36:29]} {[%emt 00:04:07]} Kg7 {[%clk 00:29:23]} {[%emt 00:17:17]}
30. Rg1 {[%clk 00:32:39]} {[%emt 00:04:21]} Nh3 {[%clk 00:29:15]} {[%emt
00:00:37]} 31. Rxg5+ {[%clk 00:32:36]} {[%emt 00:00:34]} Nxg5 {[%clk 00:29:27]}
{[%emt 00:00:17]} 32. Rg2 {[%clk 00:33:04]} {[%emt 00:00:03]} Rh8 {[%clk
00:28:15]} {[%emt 00:01:42]} 33. Rxg5+ {[%clk 00:33:25]} {[%emt 00:00:09]} Kf8
{[%clk 00:28:37]} {[%emt 00:00:08]} 34. Qf4 {[%clk 00:33:39]} {[%emt 00:00:15]}
Rc8 {[%clk 00:24:48]} {[%emt 00:04:21]} 35. e6 {[%clk 00:23:29]} {[%emt
00:10:40]} Qc7 {[%clk 00:19:37]} {[%emt 00:05:39]} 36. Re5 {[%clk 00:23:41]}
{[%emt 00:00:18]} Qe7 {[%clk 00:19:45]} {[%emt 00:00:22]} 37. Kg1 {[%clk
00:16:21]} {[%emt 00:07:50]} f6 {[%clk 00:12:43]} {[%emt 00:07:33]} 38. Bg6
{[%clk 00:13:53]} {[%emt 00:02:58]} Kg7 {[%clk 00:08:52]} {[%emt 00:04:21]} 39.
Rxd5 {[%clk 00:11:44]} {[%emt 00:02:39]} Qxe6 {[%clk 00:08:53]} {[%emt
00:00:29]} 40. Be4 {[%clk 00:06:47]} {[%emt 00:05:28]} Rhg8 {[%clk 00:04:53]}
{[%emt 00:04:30]} 41. Rf5 {[%clk 00:02:33]} {[%emt 00:04:42]} Kf7+ {[%clk
00:16:09]} {[%emt 00:19:12]} 42. Kh1 {[%clk 00:31:38]} {[%emt 00:01:28]} Ke7
{[%clk 00:15:48]} {[%emt 00:00:51]} 43. Qe3 {[%clk 00:24:38]} {[%emt 00:07:30]}
Rh8 {[%clk 00:14:00]} {[%emt 00:02:18]} 44. h5 {[%clk 00:22:20]} {[%emt
00:02:47]} Rc7 {[%clk 00:10:30]} {[%emt 00:04:01]} 45. h6 {[%clk 00:15:14]}
{[%emt 00:07:35]} Rhc8 {[%clk 00:09:36]} {[%emt 00:01:24]} 46. Qa3+ {[%clk
00:13:59]} {[%emt 00:01:46]} Qd6 {[%clk 00:07:25]} {[%emt 00:02:40]} 47. Qxd6+
{[%clk 00:14:16]} {[%emt 00:00:13]} Kxd6 {[%clk 00:07:47]} {[%emt 00:00:08]}
48. Rxf6+ {[%clk 00:14:41]} {[%emt 00:00:03]} Ke7 {[%clk 00:08:08]} {[%emt
00:00:10]} 49. Rg6 {[%clk 00:13:40]} {[%emt 00:01:31]} Kf7 {[%clk 00:06:46]}
{[%emt 00:01:51]} 50. a5 {[%clk 00:08:53]} {[%emt 00:05:18]} Rc1+ {[%clk
00:05:51]} {[%emt 00:01:26]} 51. Rg1 {[%clk 00:09:12]} {[%emt 00:00:11]} Rxg1+
{[%clk 00:05:09]} {[%emt 00:01:12]} 52. Kxg1 {[%clk 00:09:38]} {[%emt
00:00:04]} b5 {[%clk 00:05:06]} {[%emt 00:00:33]} 53. axb6 {[%clk 00:09:33]}
{[%emt 00:00:34]} axb6 {[%clk 00:05:26]} {[%emt 00:00:10]} 54. Kf2 {[%clk
00:09:41]} {[%emt 00:00:21]} b5 {[%clk 00:05:47]} {[%emt 00:00:09]} 55. Ke3
{[%clk 00:09:25]} {[%emt 00:00:46]} Ke6 {[%clk 00:05:40]} {[%emt 00:00:36]} 56.
d5+ {[%clk 00:09:10]} {[%emt 00:00:46]} Kd6 {[%clk 00:05:59]} {[%emt 00:00:11]}
57. h7 {[%clk 00:09:21]} {[%emt 00:00:19]} Kc5 {[%clk 00:05:14]} {[%emt
00:01:10]} 58. Kf4 {[%clk 00:08:42]} {[%emt 00:01:13]} b4 {[%clk 00:04:32]}
{[%emt 00:01:13]} 59. Kg5 {[%clk 00:08:58]} {[%emt 00:00:14]} b3 {[%clk
00:04:36]} {[%emt 00:00:27]} 60. Kf6 {[%clk 00:08:20]} {[%emt 00:01:07]} b2
{[%clk 00:04:45]} {[%emt 00:00:21]} 61. Ke7 {[%clk 00:07:08]} {[%emt 00:01:42]}
Kb6 {[%clk 00:03:11]} {[%emt 00:02:03]} 62. d6 {[%clk 00:07:22]} {[%emt
00:00:15]} Rb8 {[%clk 00:03:21]} {[%emt 00:00:22]} 63. d7 {[%clk 00:06:19]}
{[%emt 00:01:34]} Kc7 {[%clk 00:03:44]} {[%emt 00:00:07]} 64. f4 {[%clk
00:03:03]} {[%emt 00:03:46]} Rd8 {[%clk 00:03:33]} {[%emt 00:00:42]} 65. Bf5
{[%clk 00:02:04]} {[%emt 00:01:27]} Rxd7 {[%clk 00:03:49]} {[%emt 00:00:16]}
66. Bxd7 {[%clk 00:01:54]} {[%emt 00:00:41]} b1=Q {[%clk 00:04:10]} {[%emt
00:00:09]} 67. h8=Q {[%clk 00:02:14]} {[%emt 00:00:09]} Qb4 {[%clk 00:04:19]}
{[%emt 00:00:19]} 68. Ke6 {[%clk 00:01:50]} {[%emt 00:00:54]} Qd6+ {[%clk
00:04:21]} {[%emt 00:00:30]} 69. Kf5 {[%clk 00:01:59]} {[%emt 00:00:20]} Qxd7+
{[%clk 00:04:45]} {[%emt 00:00:06]} 70. Kg5 {[%clk 00:01:56]} {[%emt 00:00:33]}
Qd2 {[%clk 00:04:26]} {[%emt 00:00:49]} 71. Qg7+ {[%clk 00:02:12]} {[%emt
00:00:15]} Kd8 {[%clk 00:04:30]} {[%emt 00:00:15]} 72. Qf8+ {[%clk 00:02:33]}
{[%emt 00:00:19]} Kd7 {[%clk 00:04:40]} {[%emt 00:00:18]} 73. Qf7+ {[%clk
00:02:37]} {[%emt 00:00:29]} Kd8 {[%clk 00:04:56]} {[%emt 00:00:12]} 74. Kg6
{[%clk 00:02:54]} {[%emt 00:00:14]} Qg2+ {[%clk 00:05:11]} {[%emt 00:00:16]}
75. Kf6 {[%clk 00:02:14]} {[%emt 00:01:06]} Qb2+ {[%clk 00:05:33]} {[%emt
00:00:12]} 76. Kg6 {[%clk 00:02:30]} {[%emt 00:00:14]} Qg2+ {[%clk 00:05:55]}
{[%emt 00:00:08]} 77. Kh7 {[%clk 00:02:58]} {[%emt 00:00:02]} Qh3+ {[%clk
00:05:51]} {[%emt 00:00:33]} 78. Kg7 {[%clk 00:02:13]} {[%emt 00:01:17]} Qg3+
{[%clk 00:06:07]} {[%emt 00:00:12]} 79. Kh6 {[%clk 00:02:03]} {[%emt 00:00:40]}
Qh4+ {[%clk 00:06:24]} {[%emt 00:00:14]} 80. Kg6 {[%clk 00:02:02]} {[%emt
00:00:32]} Qg4+ {[%clk 00:06:44]} {[%emt 00:00:10]} 81. Kh6 {[%clk 00:02:25]}
{[%emt 00:00:07]} Qh4+ {[%clk 00:07:07]} {[%emt 00:00:06]} 82. Qh5 {[%clk
00:02:51]} {[%emt 00:00:04]} Qxf4+ {[%clk 00:07:28]} {[%emt 00:00:10]} 83. Qg5+
{[%clk 00:03:18]} {[%emt 00:00:02]} Qxg5+ {[%clk 00:07:47]} {[%emt 00:00:12]}
84. Kxg5 {[%clk 00:03:44]} {[%emt 00:00:03]} 1/2-1/2

[Event "Deutsche Ländermeisterschaft 2023"]
[Site "Hannover GER"]
[Date "2023.10.04"]
[Round "6"]
[White "Wilmink, Anna"]
[Black "Bezsonna, Polina"]
[Result "1-0"]
[Termination "normal"]
[Board "3.7"]
[WhiteElo "1794"]
[BlackElo "1783"]
[WhiteClock "00:28:05"]
[BlackClock "00:19:29"]
[WhiteTeam "Niedersachsen"]
[BlackTeam "Hessen"]
[PlyCount "45"]
[WhiteFideId "16273680"]
[BlackFideId "14191156"]
[EventCountry "GER"]
[EventRounds "7"]
[EventType "team-swiss"]
[EventDate "2023.09.30"]

1. e4 {[%clk 01:30:57]} {[%emt 00:00:02]} c5 {[%clk 01:30:44]} {[%emt
00:00:18]} 2. Nf3 {[%clk 01:31:21]} {[%emt 00:00:06]} Nc6 {[%clk 01:31:07]}
{[%emt 00:00:07]} 3. d4 {[%clk 01:31:42]} {[%emt 00:00:09]} cxd4 {[%clk
01:31:34]} {[%emt 00:00:03]} 4. Nxd4 {[%clk 01:32:04]} {[%emt 00:00:07]} g6
{[%clk 01:31:55]} {[%emt 00:00:09]} 5. c4 {[%clk 01:32:06]} {[%emt 00:00:28]}
Bg7 {[%clk 01:32:09]} {[%emt 00:00:16]} 6. Be3 {[%clk 01:32:22]} {[%emt
00:00:14]} Nf6 {[%clk 01:31:40]} {[%emt 00:01:00]} 7. Nc3 {[%clk 01:32:39]}
{[%emt 00:00:12]} d6 {[%clk 01:31:24]} {[%emt 00:00:47]} 8. f3 {[%clk
01:32:40]} {[%emt 00:00:29]} O-O {[%clk 01:31:15]} {[%emt 00:00:39]} 9. Be2
{[%clk 01:32:23]} {[%emt 00:00:46]} Bd7 {[%clk 01:24:45]} {[%emt 00:07:01]} 10.
Nc2 {[%clk 01:31:17]} {[%emt 00:01:35]} Qa5 {[%clk 01:22:48]} {[%emt 00:02:27]}
11. O-O {[%clk 01:26:40]} {[%emt 00:05:07]} Rfc8 {[%clk 01:21:48]} {[%emt
00:01:30]} 12. Rb1 {[%clk 01:12:50]} {[%emt 00:14:20]} Ne8 {[%clk 00:51:22]}
{[%emt 00:30:56]} 13. Qd2 {[%clk 01:03:19]} {[%emt 00:10:02]} Bxc3 {[%clk
00:42:40]} {[%emt 00:09:12]} 14. bxc3 {[%clk 01:01:04]} {[%emt 00:02:45]} Qc7
{[%clk 00:39:11]} {[%emt 00:03:59]} 15. Nb4 {[%clk 00:40:01]} {[%emt 00:21:34]}
Rcb8 {[%clk 00:30:35]} {[%emt 00:09:05]} 16. c5 {[%clk 00:36:25]} {[%emt
00:04:06]} Nxb4 {[%clk 00:28:06]} {[%emt 00:02:59]} 17. cxb4 {[%clk 00:36:20]}
{[%emt 00:00:35]} dxc5 {[%clk 00:26:00]} {[%emt 00:02:36]} 18. Bxc5 {[%clk
00:33:55]} {[%emt 00:02:55]} e5 {[%clk 00:23:03]} {[%emt 00:03:27]} 19. Rbc1
{[%clk 00:31:34]} {[%emt 00:02:51]} Qd8 {[%clk 00:22:24]} {[%emt 00:01:10]} 20.
Rfd1 {[%clk 00:29:58]} {[%emt 00:02:05]} Be6 {[%clk 00:21:46]} {[%emt
00:01:07]} 21. Qh6 {[%clk 00:29:01]} {[%emt 00:01:28]} Qxd1+ {[%clk 00:20:04]}
{[%emt 00:02:12]} 22. Rxd1 {[%clk 00:28:40]} {[%emt 00:00:51]} Ng7 {[%clk
00:19:29]} {[%emt 00:01:05]} 23. Bd6 {[%clk 00:28:05]} {[%emt 00:01:04]} 1-0